Rois de France par image - Statistiques

Statistiques générales
  • Ce quiz a été pris 270 fois
  • Le résultat moyen est 10 sur 14
Statistiques - réponses
Par images Réponse % Correct
Louis X (1314-1316)
97%
Louis XI (1461-1483)
83%
Louis XVIII (1814-1824)
81%
Henri II (1547-1559)
79%
Charles X (1824-1830)
78%
Jean Ier (1316)
76%
Charles V (1364-1380)
73%
Charles VII (1422-1461)
68%
François II (1559-1560)
68%
Henri III (1574-1589)
66%
Jean II (1350-1364)
61%
Philippe II Auguste (1180-1223)
61%
Louis VIII (1223-1226)
49%
Philippe IV (1285-1314)
44%
Aucun quiz correspondant
Distribution des résultats
% des personnes avec chaque résultat
Percentile par nombre de réponses
Votre historique - résultats
Vous n’avez pas pris ce quiz